| Tag |
First Indicator |
Second Indicator |
Subfields |
| LEADER |
00000cam a22000004a 4500 |
| 001 |
in00001548821 |
| 005 |
20151022065012.0 |
| 008 |
991104s2000 ilua bk 001 0ceng |
| 010 |
|
|
|a 99057640
|
| 020 |
|
|
|a 1556523726 (alk. paper)
|
| 035 |
|
|
|a (OCoLC)ocm42842425
|
| 040 |
|
|
|a DLC
|c DLC
|d C#P
|d TXA
|d UtOrBLW
|
| 042 |
|
|
|a pcc
|
| 049 |
|
|
|a TXAM
|
| 050 |
0 |
0 |
|a ML394
|b .C56 2000
|
| 082 |
0 |
0 |
|a 781.64/09
|2 21
|
| 100 |
1 |
|
|a Chusid, Irwin.
|
| 245 |
1 |
0 |
|a Songs in the key of Z :
|b the curious universe of outsider music /
|c Irwin Chusid.
|
| 250 |
|
|
|a 1st ed.
|
| 264 |
|
1 |
|a Chicago :
|b A Cappella,
|c [2000]
|
| 264 |
|
4 |
|c ©2000
|
| 300 |
|
|
|a xxvii, 271 pages :
|b illustrations ;
|c 23 cm.
|
| 336 |
|
|
|a text
|b txt
|2 rdacontent
|
| 337 |
|
|
|a unmediated
|b n
|2 rdamedia
|
| 338 |
|
|
|a volume
|b nc
|2 rdacarrier
|
| 504 |
|
|
|a Includes bibliographical references (pages 249-254), discography (pages 237-248), and index.
|
| 650 |
|
0 |
|a Musicians
|v Biography.
|
| 650 |
|
0 |
|a Popular music
|x History and criticism.
|
| 994 |
|
|
|a E0
|b TXA
|
| 948 |
|
|
|a cataloged
|b h
|c 2000/8/21
|d c
|e creed
|f 11:30:50 am
|
| 999 |
|
|
|a MARS
|
| 999 |
f |
f |
|s 8118a53e-af19-33c4-84de-5a8cc884183c
|i 967f0b1d-ac9f-317c-898e-c11453f30386
|t 0
|
| 952 |
f |
f |
|p ric
|a Texas A&M University
|b Rellis Campus
|c Joint Library Facility
|d Remote Storage
|t 0
|e ML394 .C56 2000
|h Library of Congress classification
|i unmediated -- volume
|m A14826596238
|
| 998 |
f |
f |
|a ML394 .C56 2000
|t 0
|l Remote Storage
|